00969nam a2200229 a 450000100100000000500170001000800410002704000250006808200160009310000260010924000470013524501200018226000340030230000210033650000350035750400650039270000340045770000350049104900090052695201870053599900170072200003494920200930074014.0111021s1980 sp 000 0 spa d aDO-SdBNPbspacBNPHU axxxxbD996t1 aDyer, Wayne W.96053410aCounseling techniques that worklEspañol10aTécnicas efectivas de asesoramiento psicológico /cWayne W. Dyer ; traductor J. M. Álvarez, Ángela Pérez. aBarcelona :bGrijalbo,c1980. a405 p. ;c19 cm. aTítulo original en inglés. aIncluye referencias bibliográficas al pie de las páginas12aÁlvarez, J. M.,etr.96053512aPérez, Ángela,etr.911936 aBNGR 001050718MOaGRbGRcCTd2011-10-21iLF1l0oxxxx D996tp34949-10r2020-06-25w2020-06-25y1zPerteneció a la biblioteca personal de Juan Isidro Jimenes GrullónZNo se presta c34440d34440